| 000 | 01432nam a2200217Ia 4500 | ||
|---|---|---|---|
| 003 | Ost | ||
| 005 | 20260507075059.0 | ||
| 008 | 260507s9999||||xx |||||||||||||| ||und|| | ||
| 040 | _cfsecg | ||
| 041 | _aara | ||
| 082 | _a346.02 | ||
| 100 |
_aطلبة، أنور _eمؤلف |
||
| 245 | 0 |
_aالعقود الصغيرة الصلح والمقايضة والوديعة : _bالقرض العارية-المقامرة والرهان.المرتب مدى الحياة.الأركان القانونية.آثار العقد.شروط الصحة.أسباب البطلان.طرق الإنقضاء.القواعد الخاصة بكل عقد / _c أنور طلبة |
|
| 260 |
_aالاسكندرية: _bالمكتب الجامعي الحديث, _c[دون تاريخ] |
||
| 300 |
_a222 صفحة؛ _c24 سم |
||
| 490 | _aالمكتبة القانونية | ||
| 520 | _aالمقايضة-القرض والدخل الدائم،القرض،الدخل الدائم-الصلح،أركان الصلح،آثار الصلح،بطلان الصلح-العارية،التزامات المعير،التزامات المستعير،انتهاء العارية،الوديعة،أركان الوديعة،التزامات المودع عنده،التزامات المودع،بعض أنواع الوديعة-المقامرة والرهان-المرتب مدى الحياة | ||
| 653 | _aالالتزامات | ||
| 653 | _aالعقود | ||
| 942 | _cكتاب | ||
| 999 |
_c42773 _d42773 |
||